| Tag |
First Indicator |
Second Indicator |
Subfields |
| LEADER |
00000cam a2200000 a 4500 |
| 001 |
in00000018555 |
| 005 |
20151007053257.0 |
| 008 |
870723s1987 wb a b 00110 eng |
| 010 |
|
|
|a 87020660
|
| 020 |
|
|
|a 0387179518 (U.S.)
|
| 035 |
|
|
|a (OCoLC)16404257
|
| 035 |
|
|
|9 AAB1055AM
|
| 040 |
|
|
|a DLC
|c DLC
|d TXA
|d UtOrBLW
|
| 049 |
|
|
|a TXAM
|c [A11084789]
|
| 050 |
0 |
0 |
|a TA1677
|b .B69 1987
|
| 082 |
0 |
|
|a 621.36/6
|2 19
|
| 100 |
1 |
|
|a Boyd, Ian W.,
|d 1958-
|
| 245 |
1 |
0 |
|a Laser processing of thin films and microstructures :
|b oxidation, deposition, and etching of insulators /
|c Ian W. Boyd.
|
| 264 |
|
1 |
|a Berlin ;
|a New York :
|b Springer-Verlag,
|c [1987]
|
| 264 |
|
4 |
|c ©1987
|
| 300 |
|
|
|a viii, 320 pages :
|b 77 illustrations ;
|c 24 cm.
|
| 336 |
|
|
|a text
|b txt
|2 rdacontent
|
| 337 |
|
|
|a unmediated
|b n
|2 rdamedia
|
| 338 |
|
|
|a volume
|b nc
|2 rdacarrier
|
| 490 |
1 |
|
|a Springer series in materials science ;
|v 3
|
| 504 |
|
|
|a Bibliography: pages 287-313.
|
| 500 |
|
|
|a Includes index.
|
| 650 |
|
0 |
|a Lasers
|x Industrial applications.
|
| 830 |
|
0 |
|a Springer series in materials science ;
|v 3.
|
| 999 |
|
|
|a MARS
|
| 999 |
f |
f |
|s e9eb5563-d183-3441-8db6-03a5d83cd4c3
|i b079f8b7-cdc1-32c8-b6c4-2213ded93a7e
|t 0
|
| 952 |
f |
f |
|p normal
|a Texas A&M University
|b College Station
|c Sterling C. Evans Library
|d Evans: Library Stacks
|t 0
|e TA1677 .B69 1987
|h Library of Congress classification
|i unmediated -- volume
|m A14811084789
|
| 998 |
f |
f |
|a TA1677 .B69 1987
|t 0
|l Evans: Library Stacks
|